000 00644cam a2200229 4500500
005 20260405003709.0
041 _afre
042 _adc
100 1 0 _aDurand, Jean-Marie
_eauthor
245 0 0 _aOù commence le racisme ?
260 _c2023.
500 _a60
690 _aIdentité
690 _aMartin Legros
690 _aMarylin Maeso
690 _aNorman Ajari
690 _aRace
690 _aRacisme
690 _aUniversel
786 0 _nPhilosophie magazine | 169 | 5 | 2023-05-01 | p. 61-61 | 1951-1787
856 4 1 _uhttps://shs.cairn.info/magazine-philosophie-magazine-2023-5-page-61?lang=fr&redirect-ssocas=7080
999 _c2069965
_d2069965